000 00322nam a2200133Ia 4500
008 231129s1970||||xx |||||||||||||| ||spa||
040 _bspa
082 _a382 i54p
100 _aIngram James
245 0 _aProblemas economicos internacionales
260 _c1970
264 _aAmorrortu Editores-Rtac
942 _2ddc
_cBKS
999 _c23267
_d23267